|
|
|
|
| LEADER |
00000nam a22000007a 4500 |
| 005 |
20220216213531.0 |
| 007 |
cr|||| |||| |
| 008 |
220216s2011 co |||||s|||| 00||0 spa d |
| 020 |
|
|
|a 9789586489614
|
| 035 |
|
|
|a 35834
|
| 040 |
|
|
|a vLex
|
| 090 |
|
|
|c 13005
|d 13005
|
| 100 |
1 |
|
|a Niǫ Rojas, Vc̕tor Miguel
|
| 245 |
1 |
0 |
|a Competencias en la comunicacin̤
|h [Recurso electrn̤ico] :
|b hacia las prc̀ticas del discurso /
|c Vc̕tor Miguel Niǫ Rojas
|
| 256 |
|
|
|a Servicio en ln̕ea
|
| 260 |
|
|
|a Bogot:̀
|b ECOE,
|c 2011
|
| 300 |
|
|
|a 1 recurso electrn̤ico
|
| 506 |
1 |
|
|a Disponible solo en los productos indicados
|d vLex Global
|d vLex Global (Academic Edition, excluding Law Schools)
|d vLex Global (U.S. Academic Edition, Law Schools)
|d vLex Global (U.S. Academic Edition, excluding Law Schools)
|d vLex Global (Academic Edition, Law Schools)
|
| 650 |
0 |
4 |
|a Educacin̤
|z Colombia
|
| 740 |
0 |
|
|a vLex Libros (Servicio en ln̕ea)
|
| 856 |
4 |
0 |
|u https://app.vlex.com/#/sources/35834
|z Acceso restringido
|
| 942 |
|
|
|c BOOK
|
| 999 |
0 |
|
|a Education
|